[Event "Dulles Cherry Blossom op 10th"]
[Site "Dulles"]
[Date "2023.05.29"]
[Round "9"]
[White "Slade, Theodore"]
[Black "Ling, Evan M"]
[Result "1-0"]
[WhiteElo "2021"]
[BlackElo "1952"]
[PlyCount "67"]
[EventDate "2023.05.24"]
[EventType "swiss"]
[EventRounds "9"]
[EventCountry "USA"]
[SourceTitle "CBM 214 Extra"]
[Source "ChessBase"]
[SourceDate "2023.07.31"]
[SourceVersion "1"]
[SourceVersionDate "2023.07.31"]
[SourceQuality "1"]

1. d4 d5 2. c4 e6 3. Nf3 Nf6 4. g3 Bb4+ 5. Bd2 Be7 6. Bg2 c6 7. 0-0 Nbd7 8. Qc2 Ne4 9. Bf4 g5 10. Bc1 h5 11. Nc3 Nd6 12. cxd5 cxd5 13. e4 g4 14. Ne5 dxe4 15. Nxe4 Nf5 16. Rd1 Nb6 17. Nc3 Nd5 18. Nxd5 exd5 19. Qb3 Qb6 20. Qxb6 axb6 21. Bxd5 0-0 22. Bf4 Be6 23. Bxb7 Rxa2 24. Rxa2 Bxa2 25. d5 Bd6 26. Nd7 Rd8 27. Nf6+ Kf8 28. Bxd6+ Nxd6 29. Bc6 Nc4 30. b4 Ne5 31. b5 Ke7 32. Nxh5 Rh8 33. d6+ Kd8 34. Nf4 1-0

[Event "Dulles Cherry Blossom op 10th"]
[Site "Dulles"]
[Date "2023.05.27"]
[Round "4"]
[White "Ling, Evan M"]
[Black "Marjanovic, Annamaria"]
[Result "0-1"]
[WhiteElo "1952"]
[BlackElo "2273"]
[PlyCount "92"]
[EventDate "2023.05.24"]
[EventType "swiss"]
[EventRounds "9"]
[EventCountry "USA"]
[SourceTitle "CBM 214 Extra"]
[Source "ChessBase"]
[SourceDate "2023.07.31"]
[SourceVersion "1"]
[SourceVersionDate "2023.07.31"]
[SourceQuality "1"]

1. d4 f5 2. g3 Nf6 3. Bg2 e6 4. Nf3 d5 5. 0-0 Bd6 6. c4 c6 7. Qc2 0-0 8. Bf4 Bxf4 9. gxf4 Ne4 10. e3 Rf6 11. Nbd2 Nd7 12. Rfc1 Nf8 13. Ne5 Rh6 14. Nf1 Bd7 15. c5 Be8 16. f3 Nf6 17. b4 N6d7 18. Nd3 Ng6 19. a4 Nh4 20. Ng3 g5 21. fxg5 Qxg5 22. f4 Qg7 23. Bh1 Bh5 24. Qf2 Kh8 25. b5 Nf6 26. Ne5 Ne4 27. Bxe4 fxe4 28. bxc6 bxc6 29. a5 Nf3+ 30. Nxf3 Bxf3 31. a6 Rg6 32. Rcb1 h5 33. Rb7 Qf6 34. Rab1 h4 35. Rb8+ Rxb8 36. Rxb8+ Kh7 37. Qb2 hxg3 38. h3 Rh6 39. Rb7+ Kg6 40. f5+ exf5 41. Rb8 Rxh3 42. Rg8+ Kh6 43. Rxg3 Rxg3+ 44. Kf1 Qh4 45. Qg2 Bxg2+ 46. Ke2 Bf3+ 0-1

[Event "Dulles Cherry Blossom op 10th"]
[Site "Dulles"]
[Date "2023.05.26"]
[Round "3"]
[White "Laddha, Yash Jayesh"]
[Black "Ling, Evan M"]
[Result "0-1"]
[WhiteElo "2195"]
[BlackElo "1952"]
[PlyCount "86"]
[EventDate "2023.05.24"]
[EventType "swiss"]
[EventRounds "9"]
[EventCountry "USA"]
[SourceTitle "CBM 214 Extra"]
[Source "ChessBase"]
[SourceDate "2023.07.31"]
[SourceVersion "1"]
[SourceVersionDate "2023.07.31"]
[SourceQuality "1"]

1. e4 c5 2. Nf3 Nc6 3. d4 cxd4 4. Nxd4 Nf6 5. Nc3 e5 6. Ndb5 d6 7. Bg5 a6 8. Na3 b5 9. Nd5 Be7 10. Bxf6 Bxf6 11. c3 Rb8 12. Nc2 Bg5 13. a4 bxa4 14. Ncb4 Nxb4 15. cxb4 Bd7 16. Bxa6 0-0 17. Rxa4 Bxa4 18. Qxa4 Qe8 19. b5 f5 20. 0-0 Kh8 21. exf5 e4 22. f6 Bxf6 23. Qc4 Bxb2 24. b6 Qe5 25. b7 Bd4 26. Nb4 d5 27. Nxd5 Rxf2 28. Rxf2 Rf8 29. Nc3 Bxf2+ 30. Kh1 Bc5 31. g3 e3 32. Qb3 e2 33. Bxe2 Bd4 34. Qb4 Re8 35. Bf3 Bxc3 36. Qc4 Qf6 37. Kg2 Rf8 38. Qd5 Be5 39. Qe4 Bb8 40. Qd5 g6 41. Qe4 Kg7 42. Qd5 Rd8 43. Qb3 Rd2+ 0-1

[Event "Dulles Cherry Blossom op 10th"]
[Site "Dulles"]
[Date "2023.05.25"]
[Round "2"]
[White "Zhukova, Natalia"]
[Black "Ling, Evan M"]
[Result "1-0"]
[WhiteElo "2324"]
[BlackElo "1952"]
[PlyCount "101"]
[EventDate "2023.05.24"]
[EventType "swiss"]
[EventRounds "9"]
[EventCountry "USA"]
[SourceTitle "CBM 214 Extra"]
[Source "ChessBase"]
[SourceDate "2023.07.31"]
[SourceVersion "1"]
[SourceVersionDate "2023.07.31"]
[SourceQuality "1"]

1. c4 e6 2. Nc3 d5 3. d4 Nf6 4. cxd5 exd5 5. Bg5 Be7 6. e3 0-0 7. Bd3 Re8 8. Nge2 h6 9. Bh4 c6 10. Qc2 Nbd7 11. f3 b5 12. 0-0 a6 13. Rad1 Bb7 14. Kh1 c5 15. dxc5 Nxc5 16. Bf5 Qb6 17. Bf2 b4 18. Na4 Nxa4 19. Qxa4 Bc6 20. Qc2 Bb5 21. Rfe1 Bf8 22. Nd4 Bd7 23. Bxd7 Nxd7 24. Nb3 Qb5 25. Nd4 Qb7 26. Ne2 Ne5 27. b3 Rac8 28. Qd2 Red8 29. Nf4 Rc3 30. e4 d4 31. Bxd4 Bc5 32. Bxc3 Rxd2 33. Bxd2 g5 34. Nh3 Qc8 35. Rf1 Nd3 36. Bxg5 hxg5 37. Rxd3 Be7 38. Rd2 Qc3 39. Rfd1 Bc5 40. Rd3 Qc2 41. R3d2 Qc3 42. Nf2 Be3 43. Rd3 Qc2 44. Ng4 Bf4 45. g3 Bc7 46. R1d2 Qb1+ 47. Kg2 Bb6 48. Nf2 a5 49. Rd5 Kf8 50. Re2 f6 51. Rd1 1-0

[Event "Dulles Cherry Blossom op 10th"]
[Site "Dulles"]
[Date "2023.05.24"]
[Round "1"]
[White "Ling, Evan M"]
[Black "Paul, Justin"]
[Result "1/2-1/2"]
[WhiteElo "1952"]
[BlackElo "2314"]
[PlyCount "71"]
[EventDate "2023.05.24"]
[EventType "swiss"]
[EventRounds "9"]
[EventCountry "USA"]
[SourceTitle "CBM 214 Extra"]
[Source "ChessBase"]
[SourceDate "2023.07.31"]
[SourceVersion "1"]
[SourceVersionDate "2023.07.31"]
[SourceQuality "1"]

1. d4 Nf6 2. c4 e6 3. Bf4 d5 4. cxd5 exd5 5. e3 Bd6 6. Bxd6 Qxd6 7. Bd3 0-0 8. Nc3 Re8 9. h3 Nbd7 10. Qc2 c5 11. Nf3 c4 12. Bf5 g6 13. Bxd7 Bxd7 14. 0-0 b5 15. Ne5 Bf5 16. Qd2 b4 17. Ne2 Ne4 18. Qe1 f6 19. Nf3 Rec8 20. Nd2 Ng5 21. Nf4 Ne6 22. Nxe6 Qxe6 23. Qd1 a5 24. Re1 g5 25. a3 Rab8 26. axb4 axb4 27. Qa4 c3 28. bxc3 bxc3 29. Nb3 Bc2 30. Nc5 Bxa4 31. Nxe6 Rc4 32. Nc5 Be8 33. Rec1 c2 34. Kf1 f5 35. Ke2 f4 36. Kd2 1/2-1/2

[Event "Eastern op 46th"]
[Site "Tysons"]
[Date "2019.12.30"]
[Round "7"]
[White "Ling, Evan M"]
[Black "Altman, Joshua"]
[Result "1-0"]
[WhiteElo "1968"]
[BlackElo "2151"]
[PlyCount "106"]
[EventDate "2019.12.27"]
[EventType "swiss"]
[EventRounds "7"]
[EventCountry "USA"]
[SourceTitle "CBM 194 Extra"]
[Source "ChessBase"]
[SourceDate "2020.03.31"]
[SourceVersion "1"]
[SourceVersionDate "2020.03.31"]
[SourceQuality "1"]

1. e4 e6 2. b3 d5 3. Bb2 dxe4 4. Nc3 Nf6 5. Qe2 Be7 6. Nxe4 Nbd7 7. Nc3 0-0 8. g3 c6 9. Bg2 Qc7 10. Nf3 b6 11. 0-0 Bb7 12. Nd1 Rfe8 13. c4 Rad8 14. d4 c5 15. Nc3 a6 16. Rfd1 cxd4 17. Nxd4 Bxg2 18. Kxg2 Ne5 19. Nf3 Nc6 20. Ne4 Nxe4 21. Qxe4 Rxd1 22. Rxd1 Rd8 23. Rxd8+ Nxd8 24. Be5 Qc6 25. Qxc6 Nxc6 26. Bc7 b5 27. cxb5 axb5 28. a4 bxa4 29. bxa4 Bb4 30. Ng5 h6 31. Ne4 Kf8 32. Bd6+ Bxd6 33. Nxd6 Ke7 34. Nc4 Kd7 35. Kf3 Kc7 36. h4 Nd8 37. Ke4 Kc6 38. Kd4 f6 39. h5 Nf7 40. f4 Nd8 41. f5 exf5 42. Na5+ Kb6 43. Nb3 Kc6 44. Ke3 Kd5 45. Kf4 Nc6 46. a5 Kc4 47. Kxf5 Kxb3 48. Kg6 Kc4 49. Kxg7 Kd5 50. Kxh6 Nxa5 51. Kg7 Nc6 52. h6 Nd4 53. h7 Ne6+ 1-0

[Event "Eastern op 46th"]
[Site "Tysons"]
[Date "2019.12.29"]
[Round "5"]
[White "Luo, Terry"]
[Black "Ling, Evan M"]
[Result "1/2-1/2"]
[WhiteElo "2011"]
[BlackElo "1968"]
[PlyCount "99"]
[EventDate "2019.12.27"]
[EventType "swiss"]
[EventRounds "7"]
[EventCountry "USA"]
[SourceTitle "CBM 194 Extra"]
[Source "ChessBase"]
[SourceDate "2020.03.31"]
[SourceVersion "1"]
[SourceVersionDate "2020.03.31"]
[SourceQuality "1"]

1. d4 g6 2. c4 Bg7 3. Nc3 e6 4. e4 Ne7 5. Nf3 d5 6. Bg5 h6 7. Bh4 g5 8. Bg3 dxe4 9. Nxe4 f5 10. Ne5 0-0 11. h4 fxe4 12. hxg5 Nf5 13. gxh6 Bxh6 14. Qg4+ Qg5 15. Rxh6 Qxg4 16. Nxg4 Nxh6 17. Nxh6+ Kg7 18. Ng4 Nc6 19. Rd1 Rf7 20. Ke2 b6 21. Ke3 Bb7 22. Ne5 Nxe5 23. Bxe5+ Kg6 24. Be2 Raf8 25. Bg3 Rh8 26. Bg4 Re7 27. b4 Kg5 28. Bh3 Rd8 29. Bf4+ Kg6 30. Bg4 c5 31. bxc5 bxc5 32. Be5 cxd4+ 33. Rxd4 Rxd4 34. Bxd4 Kg5 35. Be2 Bc6 36. c5 e5 37. Bc3 Kf5 38. Bd1 Rg7 39. g3 Bd5 40. a3 Rc7 41. Bb4 a5 42. Bxa5 Rxc5 43. Bb4 Rc1 44. Ba4 Rb1 45. Bc2 Rb2 46. Bd1 Bc6 47. Bc3 Rb1 48. Bc2 Rc1 49. Kd2 Rf1 50. Ke3 1/2-1/2

[Event "Eastern op 46th"]
[Site "Tysons"]
[Date "2019.12.28"]
[Round "2"]
[White "Power, Sean"]
[Black "Ling, Evan M"]
[Result "0-1"]
[WhiteElo "1837"]
[BlackElo "1968"]
[PlyCount "99"]
[EventDate "2019.12.27"]
[EventType "swiss"]
[EventRounds "7"]
[EventCountry "USA"]
[SourceTitle "CBM 194 Extra"]
[Source "ChessBase"]
[SourceDate "2020.03.31"]
[SourceVersion "1"]
[SourceVersionDate "2020.03.31"]
[SourceQuality "1"]

1. d4 f5 2. g3 Nf6 3. Bg2 g6 4. h4 d6 5. h5 Bg7 6. Bg5 Nbd7 7. hxg6 hxg6 8. Rxh8+ Bxh8 9. Nc3 d5 10. Nf3 Nf8 11. Ne5 c6 12. Bh6 N8d7 13. Nxd7 Nxd7 14. Qd2 e5 15. dxe5 Nxe5 16. 0-0-0 Be6 17. Qe3 Qe7 18. Bg5 Nc4 19. Bxe7 Nxe3 20. fxe3 Kxe7 21. Rh1 Bg7 22. Kd2 Rh8 23. Ke1 Rxh1+ 24. Bxh1 Be5 25. Kf2 d4 26. exd4 Bxd4+ 27. e3 Bxc3 28. bxc3 Bxa2 29. Ke2 Bc4+ 30. Kd2 Bd5 31. Bxd5 cxd5 32. Kd3 Ke6 33. Kd4 Kd6 34. c4 dxc4 35. Kxc4 Ke5 36. Kd3 g5 37. c4 g4 38. Ke2 a5 39. c5 a4 40. Kd2 a3 41. c6 bxc6 42. Kc2 Ke4 43. Kc3 c5 44. Kb3 c4+ 45. Kc3 a2 46. Kc2 c3 47. Kb3 a1Q 48. Kc4 c2 49. Kc5 c1Q+ 50. Kd6 0-1

[Event "Eastern op 43rd"]
[Site "Bethesda"]
[Date "2016.12.29"]
[Round "4"]
[White "Ling, Evan M"]
[Black "Wang, Alex"]
[Result "1-0"]
[WhiteElo "1824"]
[BlackElo "1941"]
[PlyCount "87"]
[EventDate "2016.12.27"]
[EventType "swiss"]
[EventRounds "7"]
[EventCountry "USA"]
[SourceTitle "CBM 176 Extra"]
[Source "ChessBase"]
[SourceDate "2017.03.02"]
[SourceVersion "1"]
[SourceVersionDate "2017.03.02"]
[SourceQuality "1"]

1. e4 c5 2. Nf3 d6 3. d4 cxd4 4. Nxd4 Nf6 5. f3 e5 6. Nb3 Be6 7. c4 a5 8. Be3 a4 9. N3d2 Qa5 10. Be2 Be7 11. Na3 0-0 12. Nb5 Na6 13. 0-0 Rac8 14. b3 Rfd8 15. Qe1 Rd7 16. Qf2 Bd8 17. Rfb1 Nb4 18. Rc1 Nc6 19. Nc3 a3 20. Na4 Bc7 21. Nb1 Bb8 22. Nxa3 Re7 23. Nb5 Nd7 24. Rd1 Nb4 25. Bf1 Qa6 26. a3 Nc6 27. Nxd6 Rd8 28. Nb5 Rc8 29. Rab1 Na5 30. Nac3 Ree8 31. Nd5 Nc6 32. b4 f6 33. Ra1 Kf7 34. c5 Qa8 35. Qb2 Kg8 36. a4 Rcd8 37. Nbc7 Qa7 38. Nxe8 Bxd5 39. exd5 Ne7 40. d6 Nf5 41. Nc7 Nxe3 42. Qb3+ Nc4 43. Qxc4+ Kf8 44. Qe6 1-0

[Event "Windsor NAYCC U14"]
[Site "Windsor"]
[Date "2016.08.11"]
[Round "8.59"]
[White "Ling, Evan M"]
[Black "Hua, Eugene"]
[Result "0-1"]
[WhiteElo "1776"]
[BlackElo "2140"]
[PlyCount "78"]
[EventDate "2016.08.07"]
[EventType "swiss"]
[EventRounds "9"]
[EventCountry "CAN"]
[SourceTitle "EXT 2022"]
[Source "ChessBase"]
[SourceDate "2021.10.06"]
[SourceVersion "1"]
[SourceVersionDate "2021.10.06"]
[SourceQuality "1"]

1. e4 c5 2. Nf3 e6 3. d4 cxd4 4. Nxd4 Nc6 5. Nc3 Qc7 6. Be3 a6 7. Qf3 Ba3 8. 0-0-0 Ne5 9. Qg3 Qxc3 10. bxa3 Ng6 11. Nb3 Nf6 12. Rd4 e5 13. Rc4 Qe1+ 14. Kb2 b5 15. Rb4 Qd1 16. f3 Bb7 17. Nd2 Rc8 18. c3 0-0 19. Rg1 Rxc3 20. Bd3 Qxg1 21. Bxg1 Rxd3 22. Qf2 d5 23. exd5 Rd8 24. Nb3 Bxd5 25. Nc1 Rd1 26. Qb6 Bc4 27. Be3 Nf4 28. g3 Ne6 29. Kc2 R1d6 30. Qa7 Nd5 31. Rb2 R6d7 32. Qxa6 Nxe3+ 33. Kb1 Rd1 34. Rf2 b4 35. Qb6 Nd5 36. Qc6 Nc3+ 37. Kb2 Rxc1 38. Kxc1 Rd1+ 39. Kb2 Rb1+ 0-1

[Event "Windsor NAYCC U14"]
[Site "Windsor"]
[Date "2016.08.09"]
[Round "5.60"]
[White "Ling, Evan M"]
[Black "Zhang, Henry"]
[Result "0-1"]
[WhiteElo "1776"]
[BlackElo "1957"]
[PlyCount "82"]
[EventDate "2016.08.07"]
[EventType "swiss"]
[EventRounds "9"]
[EventCountry "CAN"]
[SourceTitle "EXT 2022"]
[Source "ChessBase"]
[SourceDate "2021.10.06"]
[SourceVersion "1"]
[SourceVersionDate "2021.10.06"]
[SourceQuality "1"]

1. e4 c5 2. Nf3 e6 3. d4 cxd4 4. Nxd4 Nc6 5. Nc3 Qc7 6. Be2 a6 7. Be3 Nf6 8. a3 Be7 9. 0-0 0-0 10. f4 d6 11. Qe1 Nxd4 12. Bxd4 e5 13. Be3 exf4 14. Rxf4 Be6 15. Rd1 Rac8 16. Rd2 Nd7 17. Rf1 Bf6 18. Bd4 Bxd4+ 19. Rxd4 Qb6 20. Qd2 Qxb2 21. Rd3 Qxa3 22. Kh1 Qc5 23. Nd5 Bxd5 24. Rxd5 Qxc2 25. Bg4 Qxd2 26. Rxd2 Rc7 27. Rxd6 Ne5 28. Bh3 Re8 29. Kg1 g6 30. Rfd1 Kg7 31. R1d5 Rc1+ 32. Kf2 Nc4 33. Rd7 Rxe4 34. Rxb7 Rc2+ 35. Kf3 Re3+ 36. Kg4 Rf2 37. Rd4 Kh6 38. Rd5 f5+ 39. Rxf5 gxf5+ 40. Kh4 Ne5 41. g4 Ng6# 0-1